[Event "21st World Senior Chess Championship"]
[Site "Opatija"]
[Date "2011.11.23"]
[Round "8.14"]
[White "Fradkin, Boris"]
[Black "Turikov, Viktor"]
[Result "0-1"]
[WhiteElo "2445"]
[BlackElo "2270"]
[PlyCount "54"]
[EventDate "2011.11.23"]

1. d4 b6 2. c4 Bb7 3. Nc3 e6 4. a3 Nf6 5. Nf3 d5 6. Bg5 Be7 7. e3 O-O 8. cxd5
Nxd5 9. Bxe7 Qxe7 10. Bc4 Nxc3 11. bxc3 c5 12. Qe2 Nc6 13. Ba6 Na5 14. Bxb7
Qxb7 15. O-O Rac8 16. e4 Rfd8 17. Rfd1 h6 18. g4 Qe7 19. h4 Qc7 20. Rd3 Nb3 21.
Rb1 Qf4 22. Ne5 Nc1 23. Rxc1 Qxc1+ 24. Kg2 cxd4 25. Qf3 f6 26. Rd1 Qxa3 27. Nd3
dxc3 0-1

[Event "21st World Senior Chess Championship"]
[Site "Opatija"]
[Date "2011.11.23"]
[Round "8.16"]
[White "Kolbak, Jens"]
[Black "Trofimov, Sergey"]
[Result "1/2-1/2"]
[WhiteElo "2262"]
[BlackElo "2408"]
[PlyCount "65"]
[EventDate "2011.11.23"]

1. d4 Nf6 2. Nf3 e6 3. c4 b6 4. g3 Ba6 5. Nbd2 Bb4 6. Qc2 Bb7 7. Bg2 Be4 8. Qd1
Bxd2+ 9. Qxd2 O-O 10. O-O d6 11. b3 Nbd7 12. Bb2 Qe7 13. Rad1 Rfe8 14. Rfe1 a5
15. h3 h6 16. Qc3 e5 17. dxe5 dxe5 18. Nh4 Qe6 19. g4 Nf8 20. Qe3 Bxg2 21. Nxg2
Ng6 22. f3 a4 23. Rd2 axb3 24. axb3 h5 25. Red1 hxg4 26. fxg4 Ra2 27. Bc3 Rxd2
28. Rxd2 b5 29. Qd3 bxc4 30. Qxc4 Qb6+ 31. Kf1 Qe6 32. Qxe6 Rxe6 33. Ba5
1/2-1/2

[Event "21st World Senior Chess Championship"]
[Site "Rijeka"]
[Date "2011.11.23"]
[Round "8.17"]
[White "Lederman, Leon"]
[Black "Van Riemsdijk, Herman C"]
[Result "1/2-1/2"]
[WhiteElo "2267"]
[BlackElo "2404"]
[PlyCount "107"]
[EventDate "2011.11.23"]

1. e4 e5 2. Nf3 Nc6 3. Bb5 a6 4. Ba4 Nf6 5. d3 b5 6. Bb3 Be7 7. c3 O-O 8. O-O
d6 9. Nbd2 Na5 10. Bc2 c5 11. Re1 Nd7 12. Nf1 Nb6 13. Ne3 Bf6 14. h3 g6 15. d4
cxd4 16. cxd4 Nc6 17. d5 Ne7 18. Bd2 Bd7 19. Ba5 Qb8 20. b3 Bg7 21. Nh2 f5 22.
f3 Qa7 23. Kh1 f4 24. Nef1 Bf6 25. Bd3 Bh4 26. Re2 Rfc8 27. Qd2 Rc7 28. Qb4
Nec8 29. Qa3 Qb8 30. Bb4 Be7 31. Ba5 Kf7 32. Ng4 Bxg4 33. fxg4 Bh4 34. Nh2 h6
35. Nf3 Bg3 36. Ne1 Bxe1 37. Raxe1 g5 38. g3 Raa7 39. gxf4 gxf4 40. Rg2 Kg6 41.
g5 Rg7 42. Reg1 hxg5 43. Rxg5+ Kh6 44. Rxg7 Rxg7 45. Rxg7 Kxg7 46. Qc1 Qb7 47.
Qg1+ Kf8 48. Kh2 Qc7 49. h4 Qh7 50. Qg5 Nxd5 51. Qd8+ Kf7 52. Qxc8 Qxh4+ 53.
Qh3 Qf2+ 54. Qg2 1/2-1/2

[Event "21st World Senior Chess Championship"]
[Site "Rijeka"]
[Date "2011.11.23"]
[Round "8.18"]
[White "Srebrnic, Vojko"]
[Black "Klundt, Klaus"]
[Result "1/2-1/2"]
[WhiteElo "2261"]
[BlackElo "2383"]
[PlyCount "75"]
[EventDate "2011.11.23"]

1. e4 c5 2. Nc3 Nc6 3. f4 e6 4. Nf3 d5 5. Bb5 Nge7 6. exd5 exd5 7. Qe2 Qd6 8.
Ne5 Bd7 9. Bxc6 Bxc6 10. Nb5 Qd8 11. f5 a6 12. Nxf7 Bxb5 13. Qe6 Qd7 14. Nxh8
Qxe6+ 15. fxe6 Nf5 16. a4 Nd4 17. c3 Nc2+ 18. Kd1 Nxa1 19. axb5 axb5 20. d3 Nb3
21. Kc2 Nxc1 22. Rxc1 Ra6 23. Re1 Ke7 24. Nf7 Rxe6 25. Rxe6+ Kxe6 26. Nd8+ Kd7
27. Nxb7 Kc7 28. Na5 c4 29. b4 Bd6 30. h3 Bf4 31. d4 Kb6 32. Kd1 Bb8 33. Ke2 g5
34. g4 Ba7 35. Ke3 Kc7 36. Kd2 Bb6 37. Nb3 cxb3 38. Kc1 1/2-1/2

[Event "21st World Senior Chess Championship"]
[Site "Rijeka"]
[Date "2011.11.23"]
[Round "8.21"]
[White "Golcman, Evgeny"]
[Black "Rooze, Jan"]
[Result "1-0"]
[WhiteElo "2250"]
[BlackElo "2321"]
[PlyCount "77"]
[EventDate "2011.11.23"]

1. c4 Nf6 2. Nc3 e5 3. g3 Nc6 4. Bg2 Bb4 5. Nd5 O-O 6. Nxb4 Nxb4 7. Nf3 Re8 8.
O-O a5 9. d3 d6 10. Bd2 Bg4 11. h3 Bd7 12. Bc3 e4 13. Nd4 Qc8 14. Kh2 Re5 15.
Nb5 Rh5 16. Bxf6 Bxh3 17. Rh1 Bg4+ 18. Kg1 Rxh1+ 19. Bxh1 exd3 20. Qd2 gxf6 21.
exd3 Qd7 22. Bxb7 Re8 23. Bg2 Re2 24. Qf4 Nxd3 25. Qxf6 Rxf2 26. Qg5+ Kh8 27.
Be4 Nc5 28. Bxh7 Kxh7 29. Qh4+ Kg6 30. Kxf2 Qf5+ 31. Kg1 Ne4 32. Rf1 Qc5+ 33.
Kg2 f5 34. Rf4 Nf6 35. Nc3 Qb4 36. Qxf6+ Kxf6 37. Nd5+ Ke5 38. Nxb4 axb4 39.
Kf2 1-0

[Event "21st World Senior Chess Championship"]
[Site "Rijeka"]
[Date "2011.11.23"]
[Round "8.22"]
[White "Jorgensen, Jorgen"]
[Black "Vikulov, Alexander"]
[Result "1-0"]
[WhiteElo "2198"]
[BlackElo "2321"]
[PlyCount "85"]
[EventDate "2011.11.23"]

1. Nf3 c5 2. g3 Nc6 3. Bg2 e5 4. d3 d5 5. c3 Be7 6. O-O Bg4 7. a3 a5 8. a4 Qd7
9. Qb3 Nf6 10. Re1 O-O 11. Na3 Rad8 12. Bg5 Be6 13. Qc2 h6 14. Bxf6 Bxf6 15. e3
Bh3 16. Bxh3 Qxh3 17. e4 Qg4 18. exd5 Rxd5 19. Qe2 Qxa4 20. Nc4 Qb3 21. Nxa5
Nxa5 22. Rxa5 Rfd8 23. Ra3 Qb6 24. c4 R5d6 25. Qc2 Qc7 26. Nd2 Rd4 27. Ne4 Bg5
28. h4 Be7 29. Nc3 Qd7 30. Nd5 Bd6 31. Kg2 b5 32. b3 f5 33. Ra5 Rf8 34. Ra6 f4
35. Re4 b4 36. Rxd4 exd4 37. Qd1 fxg3 38. fxg3 Bb8 39. Qh5 Rf7 40. Qg6 Kh8 41.
Re6 Ba7 42. Qe4 Rf8 43. Re7 1-0

[Event "21st World Senior Chess Championship"]
[Site "Rijeka"]
[Date "2011.11.23"]
[Round "8.23"]
[White "Hohler, Peter"]
[Black "Leskovar, Mario"]
[Result "0-1"]
[WhiteElo "2193"]
[BlackElo "2316"]
[PlyCount "72"]
[EventDate "2011.11.23"]

1. d4 g6 2. c4 Bg7 3. Nc3 c5 4. d5 Bxc3+ 5. bxc3 f5 6. e4 fxe4 7. f3 e5 8. Qe2
d6 9. Qxe4 Nd7 10. Bd3 Nb6 11. Bd2 Bf5 12. Qe2 Bxd3 13. Qxd3 Qh4+ 14. g3 Qxc4
15. Qxc4 Nxc4 16. O-O-O Ne7 17. Bg5 h6 18. Bxe7 Kxe7 19. Ne2 Kd7 20. f4 g5 21.
fxg5 hxg5 22. h4 gxh4 23. Rxh4 Rxh4 24. gxh4 Rh8 25. Rh1 Ne3 26. Kd2 Nxd5 27.
c4 Nf6 28. Ng3 Ke6 29. Ke3 d5 30. cxd5+ Nxd5+ 31. Kd3 b5 32. h5 c4+ 33. Kd2 Nf6
34. Kc3 a5 35. a3 Rg8 36. Nf1 Rg2 0-1

[Event "21st World Senior Chess Championship"]
[Site "Rijeka"]
[Date "2011.11.23"]
[Round "8.24"]
[White "Malmdin, Nils-Ake"]
[Black "Zhukov, Viktor"]
[Result "1-0"]
[WhiteElo "2308"]
[BlackElo "2141"]
[PlyCount "56"]
[EventDate "2011.11.23"]

1. e4 c5 2. Nf3 e6 3. d4 cxd4 4. Nxd4 Qb6 5. Nb5 Bc5 6. Be3 Na6 7. Bxc5 Qxc5 8.
N1c3 Nf6 9. a3 O-O 10. Bd3 Nc7 11. Nxc7 Qxc7 12. Qe2 d5 13. e5 Nd7 14. f4 a6
15. O-O-O f5 16. exf6 Qxf4+ 17. Kb1 Nxf6 18. g4 Bd7 19. g5 Ne8 20. Rhf1 Qd6 21.
Rxf8+ Qxf8 22. Rf1 Qe7 23. Nxd5 Qxg5 24. Nb6 Qd8 25. Nxa8 Qxa8 26. Qh5 g6 27.
Bxg6 hxg6 28. Qxg6+ Ng7 1-0

[Event "21st World Senior Chess Championship"]
[Site "Rijeka"]
[Date "2011.11.23"]
[Round "8.25"]
[White "Emeljashin, Yury"]
[Black "Giulian, Philip M"]
[Result "1/2-1/2"]
[WhiteElo "2101"]
[BlackElo "2294"]
[PlyCount "22"]
[EventDate "2011.11.23"]

1. d4 d5 2. Nf3 e6 3. e3 Bd6 4. Bd3 f5 5. b3 c6 6. c4 Nf6 7. Bb2 O-O 8. Qc2 Qe7
9. Nc3 Ne4 10. O-O-O Nd7 11. Kb1 b6 1/2-1/2

[Event "21st World Senior Chess Championship"]
[Site "Rijeka"]
[Date "2011.11.23"]
[Round "8.26"]
[White "Katalymov, Boris"]
[Black "Batakovs, Olegs"]
[Result "1-0"]
[WhiteElo "2374"]
[BlackElo "2085"]
[PlyCount "59"]
[EventDate "2011.11.23"]

1. d4 Nf6 2. c4 g6 3. Nc3 Bg7 4. e4 d6 5. h3 O-O 6. Nge2 e5 7. d5 Nbd7 8. g4
Nc5 9. Ng3 a5 10. Be3 b6 11. Qd2 Bd7 12. O-O-O Ne8 13. Be2 Bf6 14. Rdg1 Kh8 15.
g5 Be7 16. h4 Rg8 17. f4 f5 18. h5 fxe4 19. Ngxe4 Rg7 20. hxg6 Rxg6 21. Nxc5
bxc5 22. Bd3 exf4 23. Bxg6 fxe3 24. Rxh7+ Kg8 25. Rh8+ Kg7 26. Qh2 Bxg5 27.
Qh7+ Kf6 28. Rf8+ Ke5 29. Qh2+ Kd4 30. Rf4+ 1-0

[Event "21st World Senior Chess Championship"]
[Site "Rijeka"]
[Date "2011.11.23"]
[Round "8.27"]
[White "Sorensen, Bent"]
[Black "Lucena, Lincoln"]
[Result "1-0"]
[WhiteElo "2321"]
[BlackElo "2163"]
[PlyCount "108"]
[EventDate "2011.11.23"]

1. Nf3 Nf6 2. g3 b5 3. Bg2 Bb7 4. O-O e6 5. d3 c5 6. e4 d6 7. Qe2 Nbd7 8. Nh4
Be7 9. f4 Qc7 10. Nd2 a6 11. a4 O-O 12. Nhf3 e5 13. Re1 Rfe8 14. Nf1 Bf8 15.
Bd2 exf4 16. gxf4 b4 17. Qf2 g6 18. Qh4 Bg7 19. Ng3 a5 20. Re2 c4 21. Rae1 cxd3
22. cxd3 Rac8 23. d4 Nf8 24. e5 dxe5 25. fxe5 N6d7 26. Ne4 Bxe4 27. Qxe4 Qc2
28. Ng5 Qxe4 29. Nxe4 Rc2 30. Nd6 Re7 31. Bg5 Rxe2 32. Rxe2 Bf6 33. Bxf6 Nxf6
34. Ne4 Nh5 35. d5 Nf4 36. Rd2 Nxg2 37. Kxg2 Nd7 38. d6 Re6 39. Rd5 f6 40. exf6
Kf7 41. Rxa5 Rxe4 42. b3 Kxf6 43. Rb5 Ke6 44. a5 Rg4+ 45. Kf3 Rg1 46. Rxb4 Ra1
47. Rb7 Ra2 48. Kg3 g5 49. Ra7 h5 50. Ra8 Nf6 51. Rb8 h4+ 52. Kh3 Rc2 53. Rb5
Rc3+ 54. Kg2 g4 1-0

[Event "21st World Senior Chess Championship"]
[Site "Rijeka"]
[Date "2011.11.23"]
[Round "8.29"]
[White "Rujevic, Mirko"]
[Black "Ivanets, Vladimir"]
[Result "0-1"]
[WhiteElo "2302"]
[BlackElo "2192"]
[PlyCount "96"]
[EventDate "2011.11.23"]

1. e4 c5 2. Nc3 a6 3. Nf3 b5 4. d4 cxd4 5. Nxd4 Bb7 6. Bd3 Nf6 7. Qe2 g6 8. e5
Nh5 9. f4 Nc6 10. Nf3 Ng7 11. Ne4 Nb4 12. O-O Nxd3 13. cxd3 Ne6 14. g4 Bxe4 15.
Qxe4 Nc5 16. Qe3 Rc8 17. f5 gxf5 18. gxf5 h5 19. Qe2 Bh6 20. d4 Bxc1 21. Raxc1
Na4 22. Rcd1 Qb6 23. Kh1 Qc6 24. f6 Rg8 25. fxe7 Qd5 26. Rg1 Kxe7 27. Rxg8 Rxg8
28. Rg1 Rxg1+ 29. Kxg1 Qxa2 30. Qe3 Kd8 31. b3 Qb1+ 32. Kf2 Qc2+ 33. Kg3 Nc3
34. Qg5+ Kc7 35. Qxh5 Qxb3 36. Qh6 Qe6 37. Qf8 Nd5 38. Ng5 Qe7 39. Qh6 f6 40.
Nf3 Qe6 41. Qc1+ Qc6 42. Qd2 b4 43. h4 b3 44. Qa5+ Kb7 45. Nd2 b2 46. h5 fxe5
47. dxe5 Nb6 48. Qb4 Qc2 0-1

[Event "21st World Senior Chess Championship"]
[Site "Rijeka"]
[Date "2011.11.23"]
[Round "8.30"]
[White "Ruckschloss, Karol"]
[Black "Buxade Roca, Guillermo"]
[Result "1/2-1/2"]
[WhiteElo "2297"]
[BlackElo "2165"]
[PlyCount "50"]
[EventDate "2011.11.23"]

1. c4 e5 2. Nc3 Nc6 3. g3 g6 4. Bg2 Bg7 5. e3 d6 6. Nge2 Nf6 7. d4 exd4 8. exd4
O-O 9. O-O Re8 10. h3 Bf5 11. g4 Bd7 12. Be3 h5 13. g5 Nh7 14. Qd2 Qc8 15. Kh2
Ne7 16. f4 Nf5 17. Bf2 c6 18. Rae1 a6 19. a4 Qc7 20. Ng3 Qa5 21. Nxf5 Bxf5 22.
Rxe8+ Rxe8 23. Re1 Rxe1 24. Bxe1 Qc7 25. d5 c5 1/2-1/2

[Event "21st World Senior Chess Championship"]
[Site "Rijeka"]
[Date "2011.11.23"]
[Round "8.31"]
[White "Trois, Francisco R T"]
[Black "Zoltek, Tadeusz"]
[Result "1/2-1/2"]
[WhiteElo "2275"]
[BlackElo "2161"]
[PlyCount "87"]
[EventDate "2011.11.23"]

1. Nf3 Nf6 2. g3 d5 3. Bg2 c6 4. d3 Bf5 5. O-O e6 6. Nbd2 h6 7. e3 Be7 8. Qe2
O-O 9. e4 Bh7 10. Re1 Re8 11. Ne5 dxe4 12. Nxe4 Nbd7 13. Nxd7 Qxd7 14. Bd2 Rad8
15. Rad1 Nxe4 16. dxe4 Qc7 17. Bc3 Rxd1 18. Rxd1 Rd8 19. a4 Rxd1+ 20. Qxd1 Qd8
21. Qd4 Bf6 22. Qxd8+ Bxd8 23. f4 Bg6 24. Kf2 f5 25. Ke3 Bf7 26. Bd4 a6 27. b4
g5 28. a5 Be8 29. c3 Kf7 30. Bf3 g4 31. Bd1 Bd7 32. Bb3 Ke8 33. Bc2 h5 34. Bc5
h4 35. Bd3 h3 36. Bb6 Be7 37. Kd2 Kf7 38. Bd4 Ke8 39. Kc2 Kf7 40. Kb3 c5 41.
Be3 cxb4 42. cxb4 fxe4 43. Bxe4 Bc6 44. Bd3 1/2-1/2

[Event "21st World Senior Chess Championship"]
[Site "Rijeka"]
[Date "2011.11.23"]
[Round "8.32"]
[White "Wittmann, Walter"]
[Black "Zhelesny, Stanislav"]
[Result "1/2-1/2"]
[WhiteElo "2269"]
[BlackElo "2159"]
[PlyCount "29"]
[EventDate "2011.11.23"]

1. e4 c6 2. d4 d5 3. Nd2 dxe4 4. Nxe4 Nf6 5. Nxf6+ exf6 6. c3 Bd6 7. Bd3 O-O 8.
Qc2 h6 9. Ne2 Qc7 10. Be3 Re8 11. Qd2 Nd7 12. O-O-O Nf8 13. Ng3 h5 14. Rde1 g6
15. Ne4 1/2-1/2

[Event "21st World Senior Chess Championship"]
[Site "Rijeka"]
[Date "2011.11.23"]
[Round "8.33"]
[White "Montero Martinez, Cristhian"]
[Black "Gruzmann, Boris"]
[Result "1/2-1/2"]
[WhiteElo "2189"]
[BlackElo "2268"]
[PlyCount "73"]
[EventDate "2011.11.23"]

1. d4 Nf6 2. Nf3 g6 3. c4 Bg7 4. Nc3 O-O 5. Bf4 d6 6. h3 Na6 7. e3 Qe8 8. Be2
Nh5 9. Bh2 e5 10. Qb3 Kh8 11. O-O-O f5 12. Rhe1 f4 13. dxe5 dxe5 14. e4 c6 15.
Qa3 b6 16. Rd2 Nc5 17. b4 Ne6 18. b5 Nd4 19. bxc6 Be6 20. Nd5 Qxc6 21. Nxd4
exd4 22. Bd3 b5 23. Rc2 bxc4 24. Rxc4 Qd7 25. Qa4 Qf7 26. Kd2 Bxd5 27. exd5
Rab8 28. Be4 Nf6 29. Rxd4 Nxe4+ 30. Rexe4 Rb2+ 31. Kc1 Rxf2 32. d6 Bxd4 33.
Qxd4+ Qg7 34. d7 Qxd4 35. Rxd4 Rd8 36. Bxf4 Rxf4 37. Rxf4 1/2-1/2

[Event "21st World Senior Chess Championship"]
[Site "Rijeka"]
[Date "2011.11.23"]
[Round "8.35"]
[White "Ciuro Munoz, Ricardo"]
[Black "Hammar, Bengt"]
[Result "0-1"]
[WhiteElo "2154"]
[BlackElo "2256"]
[PlyCount "92"]
[EventDate "2011.11.23"]

1. e4 c5 2. Nf3 d6 3. d4 cxd4 4. Nxd4 Nf6 5. Nc3 a6 6. Bg5 e6 7. f4 Nbd7 8. Bc4
Qa5 9. Nb3 Qc7 10. Bd3 b5 11. a3 Be7 12. O-O Bb7 13. Kh1 h6 14. Bh4 Nxe4 15.
Bxe4 Bxh4 16. Bxb7 Qxb7 17. Qxd6 Be7 18. Qd3 Nf6 19. Qe2 O-O 20. Rae1 Rfe8 21.
Ne4 Rad8 22. Nxf6+ Bxf6 23. c3 Qd5 24. Qc2 Qc4 25. Rf3 Bh4 26. Ref1 Rd5 27. g3
Be7 28. Nd2 Qc6 29. Nb3 Red8 30. Qg2 Qc4 31. Na5 Qc8 32. Nb3 Bf6 33. R3f2 Qd7
34. Qe4 g6 35. Kg2 h5 36. h3 Rc8 37. Qe3 Rd3 38. Qe4 Bxc3 39. Nc1 Rd4 40. Qf3
Ba5 41. g4 hxg4 42. hxg4 Bd8 43. Re1 Bh4 44. Rh1 Bxf2 45. Qh3 Qd5+ 46. Kxf2
Rxf4+ 0-1

[Event "21st World Senior Chess Championship"]
[Site "Rijeka"]
[Date "2011.11.23"]
[Round "8.36"]
[White "Anguera Maestro, Jaime"]
[Black "Singer, Hans"]
[Result "0-1"]
[WhiteElo "2133"]
[BlackElo "2254"]
[PlyCount "52"]
[EventDate "2011.11.23"]

1. d4 Nf6 2. Nf3 e6 3. e3 b6 4. Bd3 Bb7 5. Nbd2 d5 6. O-O Be7 7. b3 c5 8. Bb2
Nc6 9. Ne5 O-O 10. Ndf3 Nxe5 11. Nxe5 Rc8 12. Rc1 c4 13. bxc4 dxc4 14. Bxc4 b5
15. Be2 Qa5 16. Bf3 Bxf3 17. Qxf3 Qxa2 18. Nd3 Qd5 19. Qxd5 Nxd5 20. Ra1 Rxc2
21. Rxa7 Rfc8 22. e4 Nb4 23. Ba3 Nxd3 24. Bxe7 Nf4 25. Re1 Ne2+ 26. Kf1 Nxd4
0-1

[Event "21st World Senior Chess Championship"]
[Site "Rijeka"]
[Date "2011.11.23"]
[Round "8.39"]
[White "Vrhovnik, Damir"]
[Black "Altshul, Raffael"]
[Result "0-1"]
[WhiteElo "2099"]
[BlackElo "2222"]
[PlyCount "104"]
[EventDate "2011.11.23"]

1. Nf3 Nf6 2. c4 g6 3. b4 Bg7 4. Bb2 O-O 5. e3 d6 6. d4 e5 7. Be2 a5 8. b5 exd4
9. exd4 Nbd7 10. O-O Nb6 11. Nbd2 Re8 12. Re1 Bf5 13. Nh4 Bd7 14. Qc2 Ne4 15.
Nxe4 Qxh4 16. Bf3 Bf5 17. g3 Qd8 18. c5 Nd5 19. Rad1 Nb4 20. Qd2 d5 21. Nc3
Rxe1+ 22. Rxe1 Nd3 23. Rb1 Nxb2 24. Rxb2 c6 25. bxc6 bxc6 26. Qf4 h5 27. Rb7
Qf6 28. Ne2 Re8 29. Qd2 a4 30. Ra7 Bh3 31. Bg2 Bxg2 32. Kxg2 Qe6 33. Nc3 h4 34.
Rxa4 h3+ 35. Kf1 Qf5 36. Qd1 Re3 37. g4 Qf6 38. Ne2 Qf3 39. Ke1 Re4 40. Rb4
Qxg4 41. Rb8+ Kh7 42. Rb3 Qg1+ 43. Kd2 Qxf2 44. Rxh3+ Kg8 45. Qe1 Qg2 46. Rd3
Qxh2 47. Kd1 Qb8 48. Rb3 Qa7 49. Qd2 Rh4 50. a3 Bh6 51. Qd3 Qe7 52. Qg3 Rh1+
0-1

[Event "21st World Senior Chess Championship - w"]
[Site "Opatija"]
[Date "2011.11.23"]
[Round "8.1"]
[White "Melashvili, Nino"]
[Black "Saunina, Ludmila"]
[Result "1-0"]
[WhiteElo "2106"]
[BlackElo "2274"]
[PlyCount "63"]
[EventDate "2011.11.23"]

1. Nf3 Nf6 2. e3 b6 3. d4 Bb7 4. Nbd2 e6 5. Bd3 d5 6. O-O Bd6 7. Qe2 Ne4 8. Ne5
Qh4 9. f3 Nxd2 10. Bxd2 f6 11. g3 Qh3 12. Ng4 Nd7 13. e4 O-O-O 14. a4 c6 15. c4
dxe4 16. fxe4 c5 17. Nf2 Qh6 18. Bxh6 gxh6 19. a5 cxd4 20. axb6 axb6 21. Rfc1
Kb8 22. c5 Bxc5 23. b4 Bd6 24. Ba6 d3 25. Nxd3 Rc8 26. Bxb7 Kxb7 27. e5 Rxc1+
28. Rxc1 Nxe5 29. Qe4+ Ka6 30. b5+ Kxb5 31. Rb1+ Ka5 32. Ra1+ 1-0

[Event "21st World Senior Chess Championship - w"]
[Site "Opatija"]
[Date "2011.11.23"]
[Round "8.3"]
[White "Strutinskaya, Galina N"]
[Black "Fatalibekova, Elena"]
[Result "1/2-1/2"]
[WhiteElo "2166"]
[BlackElo "2360"]
[PlyCount "50"]
[EventDate "2011.11.23"]

1. d4 d5 2. c4 dxc4 3. e3 e5 4. Bxc4 exd4 5. exd4 Nf6 6. Qb3 Qe7+ 7. Ne2 Qb4+
8. Nbc3 Qxb3 9. Bxb3 Bb4 10. Bg5 Ne4 11. Be3 c6 12. a3 Ba5 13. O-O Nf6 14. Bg5
Nbd7 15. Ng3 O-O 16. Nf5 Bxc3 17. bxc3 Ne4 18. Be7 Re8 19. Rfe1 Nb6 20. Nd6
Nxd6 21. Bxd6 Be6 22. Bxe6 Rxe6 23. Rxe6 fxe6 24. a4 Nc4 25. Bf4 Rf8 1/2-1/2

[Event "21st World Senior Chess Championship - w"]
[Site "Opatija"]
[Date "2011.11.23"]
[Round "8.4"]
[White "Kozlovskaya, Valentina"]
[Black "Bilunova, Rimma I"]
[Result "1/2-1/2"]
[WhiteElo "2281"]
[BlackElo "2151"]
[PlyCount "136"]
[EventDate "2011.11.23"]

1. c4 e5 2. Nc3 Nf6 3. g3 c6 4. d4 exd4 5. Qxd4 d6 6. Bg2 Qb6 7. Nf3 Be6 8.
Qxb6 axb6 9. Nd2 Nbd7 10. O-O Be7 11. b3 O-O 12. Bb2 Rfd8 13. Rfd1 Nc5 14. h3
d5 15. cxd5 Nxd5 16. Bxd5 Bxd5 17. b4 Na4 18. Nxa4 Rxa4 19. a3 Be6 20. Kg2 f6
21. Nf3 Raa8 22. Nd4 Bd5+ 23. f3 c5 24. Nf5 Bf8 25. Bc3 Bb3 26. Rxd8 Rxd8 27.
Kf2 Ra8 28. b5 Ba4 29. Ne3 Bxb5 30. Nd5 Rd8 31. Nxb6 c4 32. Rb1 Bc5+ 33. Ke1
Ba6 34. a4 Kf7 35. a5 Bxb6 36. Rxb6 Rd5 37. Kf2 Rd1 38. Ke3 Rd7 39. h4 Re7+ 40.
Kf2 Rd7 41. h5 h6 42. g4 Rd1 43. Ke3 Rd7 44. Rb1 Re7+ 45. Kf2 Rd7 46. f4 Rd5
47. Rb6 Rd1 48. g5 hxg5 49. fxg5 fxg5 50. Rg6 Rc1 51. Rxg7+ Kf8 52. Be5 c3 53.
h6 Rh1 54. Rc7 c2 55. Bg7+ Kg8 56. Rxc2 Kh7 57. Rd2 Rh4 58. Kf3 Bb5 59. e4 Bc6
60. Rd4 Rf4+ 61. Ke3 Rh4 62. Rc4 Rh3+ 63. Kd4 Ra3 64. e5 Rxa5 65. e6 Ra4 66.
Rxa4 Bxa4 67. Ke5 Kg6 68. Bf8 Bb3 1/2-1/2

[Event "21st World Senior Chess Championship - w"]
[Site "Opatija"]
[Date "2011.11.23"]
[Round "8.5"]
[White "Thipsay, Bagyashree Sathe"]
[Black "Miednikova, Swietlana"]
[Result "1-0"]
[WhiteElo "2152"]
[BlackElo "2165"]
[PlyCount "71"]
[EventDate "2011.11.23"]

1. e4 Nf6 2. e5 Nd5 3. d4 d6 4. Nf3 Bg4 5. Be2 e6 6. O-O Be7 7. h3 Bh5 8. c4
Nb6 9. Nc3 O-O 10. Be3 d5 11. cxd5 Nxd5 12. Qb3 Nb6 13. a4 a5 14. Rfd1 Nc6 15.
d5 Nxd5 16. Nxd5 exd5 17. Rxd5 Qc8 18. Rb5 Nb4 19. e6 f5 20. Bc5 Bxc5 21. e7+
Bf7 22. exf8=Q+ Qxf8 23. Bc4 b6 24. Ne5 Bxc4 25. Qxc4+ Kh8 26. Nd7 Qd6 27. Nxc5
bxc5 28. Rxc5 c6 29. Rxf5 Nd5 30. Re1 h6 31. Rfe5 Kh7 32. Re6 Qb4 33. Qxc6 Rd8
34. Qc2+ Kg8 35. Qg6 Qxa4 36. Re8+ 1-0

[Event "21st World Senior Chess Championship - w"]
[Site "Rijeka"]
[Date "2011.11.23"]
[Round "8.6"]
[White "Kabanova, Irina"]
[Black "Titorenko, Natalia I"]
[Result "1/2-1/2"]
[WhiteElo "1959"]
[BlackElo "2143"]
[PlyCount "49"]
[EventDate "2011.11.23"]

1. e4 c6 2. d4 d5 3. exd5 cxd5 4. Bd3 Nc6 5. c3 g6 6. h3 Bg7 7. Nf3 Nh6 8. O-O
O-O 9. Re1 Re8 10. Nbd2 Nf5 11. Nf1 e5 12. dxe5 Nxe5 13. Nxe5 Rxe5 14. Rxe5
Bxe5 15. Ne3 Ng7 16. Ng4 Bxg4 17. Qxg4 d4 18. c4 Ne6 19. Bd2 Qf6 20. Re1 h5 21.
Qe2 Bf4 22. Qf3 Nc5 23. Bxf4 Nxd3 24. Qxd3 Qxf4 25. Rd1 1/2-1/2

[Event "21st World Senior Chess Championship - w"]
[Site "Rijeka"]
[Date "2011.11.23"]
[Round "8.8"]
[White "Komysheva, Margarita"]
[Black "Mira, Helene"]
[Result "1/2-1/2"]
[WhiteElo "2081"]
[BlackElo "2098"]
[PlyCount "35"]
[EventDate "2011.11.23"]

1. e4 e5 2. Nf3 Nc6 3. Nc3 Nf6 4. d4 exd4 5. Nd5 Be7 6. Nxd4 O-O 7. Bf4 Nxd5 8.
exd5 Nxd4 9. Qxd4 Bf6 10. Qb4 Re8+ 11. Be3 a5 12. Qa3 b6 13. O-O-O d6 14. Bb5
Bd7 15. Qa4 Re7 16. Bxd7 Qxd7 17. Qxd7 Rxd7 18. Rhe1 1/2-1/2

[Event "21st World Senior Chess Championship - w"]
[Site "Rijeka"]
[Date "2011.11.23"]
[Round "8.9"]
[White "Lopatin, Olga"]
[Black "Battsengel, Shirchin"]
[Result "1-0"]
[WhiteElo "2091"]
[BlackElo "2068"]
[PlyCount "59"]
[EventDate "2011.11.23"]

1. d4 Nf6 2. Nc3 d5 3. Bg5 e6 4. e4 dxe4 5. Nxe4 Be7 6. Nxf6+ Bxf6 7. Be3 O-O
8. c3 Qe7 9. Nf3 Rd8 10. Qc2 Nd7 11. Bd3 h6 12. O-O-O c5 13. dxc5 Nxc5 14. Bh7+
Kh8 15. Rxd8+ Qxd8 16. Bxc5 Qd5 17. Bd4 Bxd4 18. Be4 Qxa2 19. Nxd4 Bd7 20. Qb3
Qa1+ 21. Bb1 Qa6 22. Qc2 g6 23. Qd2 Kg7 24. Nf5+ exf5 25. Qxd7 Qe2 26. Qd4+ Kh7
27. Rd1 Qe7 28. Ba2 Qg5+ 29. f4 Qxg2 30. Bxf7 1-0

[Event "21st World Senior Chess Championship - w"]
[Site "Rijeka"]
[Date "2011.11.23"]
[Round "8.10"]
[White "Kuznetsova, Luba"]
[Black "Sorokina, Tamara"]
[Result "1/2-1/2"]
[WhiteElo "2087"]
[BlackElo "2131"]
[PlyCount "21"]
[EventDate "2011.11.23"]

1. e4 e6 2. d4 d5 3. exd5 exd5 4. Nf3 Nf6 5. Bd3 Bg4 6. O-O Be7 7. c3 O-O 8.
Bf4 c6 9. Nbd2 Nbd7 10. Qc2 h6 11. Rfe1 1/2-1/2

[Event "21st World Senior Chess Championship - w"]
[Site "Rijeka"]
[Date "2011.11.23"]
[Round "8.12"]
[White "Shushpanova, Nina"]
[Black "Chernova, Natalja"]
[Result "1/2-1/2"]
[WhiteElo "1946"]
[BlackElo "2095"]
[PlyCount "31"]
[EventDate "2011.11.23"]

1. e4 c6 2. d4 d6 3. c3 Nf6 4. Bd3 e5 5. Nf3 Qc7 6. h3 Be7 7. Be3 Nbd7 8. O-O
O-O 9. c4 d5 10. cxd5 cxd5 11. Nc3 dxe4 12. Nxe4 Nxe4 13. Bxe4 Nf6 14. Qc2 Qxc2
15. Bxc2 exd4 16. Bxd4 1/2-1/2

[Event "21st World Senior Chess Championship"]
[Site "Opatija"]
[Date "2011.11.24"]
[Round "9.1"]
[White "Timoscenko, Gennadij"]
[Black "Vaisser, Anatoly"]
[Result "1/2-1/2"]
[WhiteElo "2483"]
[BlackElo "2555"]
[PlyCount "60"]
[EventDate "2011.11.24"]

1. d4 Nf6 2. c4 c5 3. d5 b5 4. cxb5 a6 5. bxa6 g6 6. Nc3 Bxa6 7. e4 Bxf1 8.
Kxf1 d6 9. Nf3 Nbd7 10. g3 Bg7 11. Kg2 O-O 12. a4 Ra6 13. Ra3 Qa8 14. Qc2 e6
15. dxe6 fxe6 16. Nb5 Qb7 17. Re1 d5 18. exd5 exd5 19. Bf4 Ne4 20. Nc7 Rxf4 21.
gxf4 Qxc7 22. Rxe4 dxe4 23. Qc4+ Kf8 24. Qxa6 exf3+ 25. Rxf3 Bxb2 26. f5 g5 27.
Rb3 Bd4 28. Rb7 Qf4 29. Qh6+ Bg7 30. Qe6 Qg4+ 1/2-1/2